000 00246nam a2200097Ia 4500
001 775803
005 20250826165836.0
008 250824s9999 xx 000 0 und d
245 0 _aMOR SALKIMLI EV
_cHALİDE EDİP ADIVAR
260 _bÖZGÜR YAYINLARI
999 _c775803
_d775803